[Event "XXIII Festival A"]
[Site "Porto San Giorgio ITA"]
[Date "2011.08.23"]
[Round "4"]
[White "Piantieri, Guido"]
[Black "Moroni, Luca jr"]
[Result "0-1"]
[WhiteElo "1853"]
[BlackElo "1964"]
[PlyCount "70"]
[EventDate "2011.08.21"]

1. e4 c5 2. Nf3 d6 3. d4 cxd4 4. Nxd4 Nf6 5. Nc3 a6 6. Bd3 e6 7. Be3 Be7 8. O-O
O-O 9. f4 Qc7 10. Nf3 Nbd7 11. Ne2 b5 12. Rc1 Bb7 13. Kh1 Nxe4 14. Ng3 Ndc5 15.
b4 Nxd3 16. cxd3 Nxg3+ 17. hxg3 Qd7 18. Nd4 Bd5 19. g4 f5 20. g5 Rac8 21. Qh5
Qe8 22. Qe2 Qd7 23. Qh5 g6 24. Qh6 Rxc1 25. Bxc1 Rc8 26. Bb2 Bf8 27. Qh4 Bg7
28. Ba1 Bxa2 29. Kh2 Qa7 30. Nf3 Bd5 31. Bf6 Rc2 32. Qe1 Qb7 33. Qd1 Ra2 34.
Qb1 Re2 35. Qd1 Bxf3 0-1

[Event "XXIII Festival A"]
[Site "Porto San Giorgio ITA"]
[Date "2011.08.23"]
[Round "4"]
[White "Pierantozzi, Stanislao"]
[Black "Calavalle, Giulio"]
[Result "0-1"]
[WhiteElo "1971"]
[BlackElo "2239"]
[PlyCount "145"]
[EventDate "2011.08.21"]

1. d4 c5 2. d5 f5 3. e4 d6 4. Bb5+ Bd7 5. Bxd7+ Qxd7 6. exf5 Qxf5 7. Nf3 Na6 8.
c3 Nf6 9. Qa4+ Qd7 10. Qb3 b5 11. a4 b4 12. O-O Qf5 13. Qc4 Nc7 14. cxb4 Qxd5
15. Qc2 Na6 16. bxc5 Nxc5 17. Be3 Qe4 18. Rc1 Qxc2 19. Rxc2 Ne6 20. Nc3 Ng4 21.
Bd2 g6 22. b4 Bg7 23. Rac1 Ne5 24. Nxe5 Bxe5 25. Nd5 Kf7 26. Be3 Bd4 27. Rc4
Bf6 28. g3 h5 29. h4 g5 30. hxg5 Nxg5 31. Nxf6 Kxf6 32. b5 Ne6 33. a5 Rhb8 34.
Rb1 d5 35. Rc6 Kf5 36. Rb4 Rb7 37. Rc1 Rab8 38. Rcb1 Rd7 39. Rh4 d4 40. Rxh5+
Ke4 41. Bd2 Kd3 42. Be1 Kc2 43. Rb4 d3 44. Rc4+ Kd1 45. Bb4 Nd4 46. Kg2 d2 47.
f4 Nc2 48. Kf2 Kc1 49. Bxd2+ Rxd2+ 50. Kf3 Rb7 51. g4 Kb2 52. Rcc5 Rbd7 53.
Rhe5 e6 54. f5 exf5 55. gxf5 Nd4+ 56. Ke3 Nb3 57. Rc8 Nxa5 58. f6 R2d3+ 59. Ke4
R3d4+ 60. Kf5 Nc4 61. Re2+ Kb3 62. Rc6 Nd6+ 63. Kg5 Rd5+ 64. Kg6 Nf7 65. Re7
Ne5+ 66. Kg7 Ng4 67. Rxd7 Rxd7+ 68. f7 Ne5 69. Ra6 Rxf7+ 70. Kh6 Rb7 71. Kg5
Kb4 72. Ra1 Kc5 73. Kf5 0-1

[Event "XXIII Festival A"]
[Site "Porto San Giorgio ITA"]
[Date "2011.08.23"]
[Round "4"]
[White "Plances, Giuseppe"]
[Black "Zannoni, Gianni"]
[Result "1-0"]
[WhiteElo "1734"]
[BlackElo "1846"]
[PlyCount "69"]
[EventDate "2011.08.21"]

1. d4 Nf6 2. c4 e6 3. Nc3 d5 4. cxd5 exd5 5. Bg5 Nbd7 6. e3 c6 7. Qc2 Be7 8.
Bd3 O-O 9. Nge2 Re8 10. O-O Nf8 11. a3 Be6 12. b4 Rc8 13. Nf4 h6 14. Nxe6 Nxe6
15. Bh4 Nh5 16. Bxe7 Rxe7 17. Bf5 Qe8 18. a4 g6 19. Bd3 f5 20. g4 Nhg7 21. gxf5
gxf5 22. f4 Kh8 23. Bxf5 Qh5 24. Bg6 Qh3 25. Nxd5 Nxd4 26. exd4 cxd5 27. Qg2
Qe3+ 28. Kh1 Qxd4 29. Qh3 Rec7 30. Qxh6+ Kg8 31. Rae1 Ne8 32. Bxe8 Rxe8 33.
Rxe8+ Kf7 34. Qe6+ Kg7 35. Rg8+ 1-0

[Event "XXIII Festival A"]
[Site "Porto San Giorgio ITA"]
[Date "2011.08.23"]
[Round "4"]
[White "Prohaszka, Peter"]
[Black "Vezzosi, Paolo"]
[Result "1-0"]
[WhiteElo "2547"]
[BlackElo "2355"]
[PlyCount "99"]
[EventDate "2011.08.21"]

1. d4 Nf6 2. c4 c5 3. d5 d6 4. Nc3 g6 5. e4 Bg7 6. Nf3 Bg4 7. Be2 O-O 8. O-O a6
9. a4 Nbd7 10. h3 Bxf3 11. Bxf3 Ne8 12. Bg4 Ndf6 13. Be2 e5 14. dxe6 fxe6 15.
e5 dxe5 16. Qxd8 Rxd8 17. Be3 Rd4 18. Bxd4 exd4 19. Nd1 Nd6 20. Bd3 e5 21. f3
Nh5 22. Re1 Nf4 23. Nf2 Nxd3 24. Nxd3 Nxc4 25. Rac1 b5 26. axb5 axb5 27. b3 Nd2
28. Rxc5 e4 29. fxe4 Bh6 30. Rxb5 Be3+ 31. Kh1 Nxe4 32. h4 Ra8 33. Re5 Nd2 34.
Rc1 Nxb3 35. Rc7 Bh6 36. g3 Bf8 37. Rb5 Nd2 38. Rd7 Ne4 39. Kg2 Nd6 40. Re5 Ra3
41. Nf4 Nf5 42. Nd5 Ra6 43. Re8 Rd6 44. Red8 Ra6 45. Rb7 Ne3+ 46. Nxe3 dxe3 47.
Re8 Rf6 48. Rxe3 h5 49. Re8 Rf5 50. Re6 1-0

[Event "XXIII Festival A"]
[Site "Porto San Giorgio ITA"]
[Date "2011.08.23"]
[Round "4"]
[White "Rago, Riccardo"]
[Black "Gilevych, Artem"]
[Result "0-1"]
[WhiteElo "2065"]
[BlackElo "2264"]
[PlyCount "80"]
[EventDate "2011.08.21"]

1. e4 Nc6 2. Nf3 e6 3. d4 d5 4. e5 f6 5. exf6 Nxf6 6. Bb5 Bd6 7. O-O O-O 8. c4
Bd7 9. Nc3 a6 10. Bxc6 Bxc6 11. c5 Be7 12. Ne5 Be8 13. Bg5 Nd7 14. Bxe7 Qxe7
15. f4 Nxe5 16. fxe5 Bg6 17. Qd2 Qh4 18. Ne2 Qg4 19. Rxf8+ Rxf8 20. Rf1 Rxf1+
21. Kxf1 Be4 22. Ng3 Bb1 23. a3 h5 24. Kg1 h4 25. Nf1 h3 26. Ng3 hxg2 27. Kxg2
Be4+ 28. Kg1 Qf3 29. Qe2 Qf4 30. Nxe4 dxe4 31. Qh5 Kf8 32. Qh8+ Kf7 33. Qh5+
Ke7 34. Qh8 Qg4+ 35. Kf2 Kf7 36. Qd8 Qf5+ 37. Kg3 e3 38. Qxc7+ Kg6 39. Qxb7
Qf2+ 40. Kh3 e2 0-1

[Event "XXIII Festival A"]
[Site "Porto San Giorgio ITA"]
[Date "2011.08.23"]
[Round "4"]
[White "Ramundi, Lorenzo"]
[Black "Briffault, Philippe"]
[Result "0-1"]
[WhiteElo "1617"]
[BlackElo "1955"]
[PlyCount "108"]
[EventDate "2011.08.21"]

1. e4 Nf6 2. e5 Nd5 3. d4 d6 4. c4 Nb6 5. exd6 exd6 6. Nc3 Nc6 7. Be3 Be7 8.
Rc1 O-O 9. Bd3 Re8 10. Nge2 Bg5 11. Bxg5 Qxg5 12. O-O Bg4 13. f3 Bh3 14. Ng3
Bd7 15. d5 Qe3+ 16. Kh1 Ne5 17. Bb1 Nbxc4 18. Re1 Qh6 19. Qc2 c6 20. b3 Na3 21.
Qb2 Nxb1 22. Qxb1 Rac8 23. Rcd1 c5 24. Nf5 Qg6 25. Ng3 f5 26. Qc1 a6 27. Nce2
b5 28. Nf4 Qf7 29. Nd3 Nxd3 30. Rxe8+ Rxe8 31. Rxd3 Qe7 32. Rd1 Qe5 33. Qa1 b4
34. Qxe5 Rxe5 35. Kg1 g6 36. f4 Re3 37. Nf1 Re2 38. Ra1 Kf7 39. a3 bxa3 40.
Rxa3 Bb5 41. Ra1 Rb2 42. Re1 Rxb3 43. Ne3 Rb2 44. Nd1 Rd2 45. Nc3 Rc2 46. Nxb5
axb5 47. Re6 b4 48. Rxd6 b3 49. Rd7+ Ke8 50. Rb7 b2 51. d6 Rc1+ 52. Kf2 b1=Q
53. d7+ Kd8 54. Rxb1 Rxb1 0-1

[Event "XXIII Festival A"]
[Site "Porto San Giorgio ITA"]
[Date "2011.08.23"]
[Round "4"]
[White "Reif, Werner"]
[Black "Mastroddi, Giuseppe"]
[Result "1/2-1/2"]
[WhiteElo "1848"]
[BlackElo "1732"]
[PlyCount "38"]
[EventDate "2011.08.21"]

1. d4 Nf6 2. Nf3 g6 3. Nc3 Bg7 4. e4 d6 5. Be3 O-O 6. Qd2 Nbd7 7. Bh6 c5 8.
Bxg7 Kxg7 9. e5 Ne8 10. exd6 exd6 11. O-O-O Nef6 12. dxc5 dxc5 13. Ne5 Qc7 14.
Nc4 a6 15. Nd5 Nxd5 16. Qxd5 Nf6 17. Qd6 Qxd6 18. Nxd6 Rb8 19. Nxc8 Rbxc8
1/2-1/2

[Event "XXIII Festival A"]
[Site "Porto San Giorgio ITA"]
[Date "2011.08.23"]
[Round "4"]
[White "Renzetti, Leonardo"]
[Black "Del Nevo, Claudio"]
[Result "0-1"]
[WhiteElo "1805"]
[BlackElo "1831"]
[PlyCount "88"]
[EventDate "2011.08.21"]

1. d4 d6 2. Nf3 Nf6 3. c3 g6 4. Bg5 Bg7 5. Nbd2 O-O 6. e4 c6 7. Bd3 Nbd7 8. O-O
b5 9. Qe2 Bb7 10. a4 a6 11. Ra2 Qc7 12. Rfa1 e5 13. b3 exd4 14. cxd4 Rfe8 15.
Qd1 b4 16. Rc1 c5 17. d5 Ng4 18. Nc4 a5 19. Bf4 Nge5 20. Nfxe5 Bxe5 21. Bxe5
Nxe5 22. Nxe5 Rxe5 23. f4 Re7 24. Re2 Rae8 25. Bb5 Rd8 26. Qd3 Bc8 27. Rce1 Bd7
28. Bc4 Rde8 29. e5 Bf5 30. Qd2 Qd8 31. h3 h5 32. Bb5 Bd7 33. Ba6 Qb6 34. Qd3
c4+ 35. Qe3 Qxa6 36. bxc4 Qxc4 37. Qf3 Qd4+ 38. Kh1 dxe5 39. fxe5 Rxe5 40. Rxe5
Rxe5 41. Rd1 Qe4 42. Qb3 Rg5 43. Qb2 Bxh3 44. Rd2 Bxg2+ 0-1

[Event "XXIII Festival A"]
[Site "Porto San Giorgio ITA"]
[Date "2011.08.23"]
[Round "4"]
[White "Rinaudo, Andrea"]
[Black "Stips, Felix"]
[Result "0-1"]
[WhiteElo "2090"]
[BlackElo "2213"]
[PlyCount "118"]
[EventDate "2011.08.21"]

1. e4 d5 2. exd5 Qxd5 3. Nc3 Qd6 4. Nf3 Nf6 5. Bc4 Bf5 6. O-O e6 7. d3 c6 8.
Qe2 Nbd7 9. Ne4 Qc7 10. Nxf6+ Nxf6 11. Nd4 Bg4 12. f3 Bc5 13. Be3 Bh5 14. Kh1
Qe5 15. Qf2 Nd5 16. Bxd5 Qxd5 17. Rfe1 O-O 18. Nb3 Bxe3 19. Rxe3 Bg6 20. Rae1
b6 21. Re5 Qd6 22. a3 c5 23. Qe2 Rfe8 24. Kg1 Re7 25. Rd1 Kf8 26. d4 c4 27. Na1
c3 28. bxc3 Qxa3 29. Nb3 Qb2 30. Rd2 Qxc3 31. d5 Bxc2 32. Nd4 Ba4 33. dxe6 fxe6
34. Nxe6+ Kg8 35. f4 Rae8 36. f5 Qc1+ 37. Kf2 Bb3 38. g4 Bxe6 39. Rxe6 Rxe6 40.
fxe6 Qc5+ 41. Kg3 Qc6 42. Rd7 Rxe6 43. Rd8+ Kf7 44. Qd3 Qc7+ 45. Kg2 Qc6+ 46.
Kg3 Qc5 47. Rd7+ Re7 48. Rd4 g6 49. h4 Kg7 50. g5 Qe5+ 51. Kg4 Qe6+ 52. Kg3
Qe3+ 53. Qxe3 Rxe3+ 54. Kf4 Re7 55. Rc4 Kf7 56. Kg4 Rb7 57. h5 gxh5+ 58. Kxh5
a5 59. Ra4 Kg7 0-1

[Event "XXIII Festival A"]
[Site "Porto San Giorgio ITA"]
[Date "2011.08.23"]
[Round "4"]
[White "Rinaudo, Sergio"]
[Black "Viviani, Alessio"]
[Result "1/2-1/2"]
[WhiteElo "2144"]
[BlackElo "1958"]
[PlyCount "37"]
[EventDate "2011.08.21"]

1. d4 Nf6 2. Nf3 g6 3. Nbd2 Bg7 4. e4 d6 5. Bd3 O-O 6. O-O c5 7. c3 cxd4 8.
cxd4 Nc6 9. h3 a5 10. b3 Nd7 11. Bb2 a4 12. bxa4 Qa5 13. Bb5 Nb6 14. Nb3 Qa7
15. Rc1 Bh6 16. Ra1 Nxa4 17. Bxa4 Qxa4 18. d5 Na5 19. Bc3 1/2-1/2

[Event "XXIII Festival A"]
[Site "Porto San Giorgio ITA"]
[Date "2011.08.23"]
[Round "4"]
[White "Scalcione, Michelangelo"]
[Black "Giancotti, Eraldo"]
[Result "1-0"]
[WhiteElo "2337"]
[BlackElo "2070"]
[PlyCount "41"]
[EventDate "2011.08.21"]

1. Nf3 Nc6 2. d4 d5 3. Bf4 Bg4 4. e3 f6 5. Bb5 e6 6. h3 Bh5 7. c4 Bd6 8. Bxd6
Qxd6 9. Nc3 dxc4 10. Qa4 Bxf3 11. gxf3 Nge7 12. Ne4 Qd5 13. Bxc4 Qf5 14. Nc5
Qxf3 15. Rg1 Nd5 16. Be2 Qxh3 17. Nxb7 O-O 18. Qxc6 Rae8 19. Bg4 Qh2 20. Bxe6+
Kh8 21. O-O-O 1-0

[Event "XXIII Festival A"]
[Site "Porto San Giorgio ITA"]
[Date "2011.08.23"]
[Round "4"]
[White "Serafini, Gino"]
[Black "Spano' Cuomo, Gaetano"]
[Result "0-1"]
[WhiteElo "1865"]
[BlackElo "1805"]
[PlyCount "77"]
[EventDate "2011.08.21"]

1. d4 e6 2. Nf3 d5 3. Bf4 Bd6 4. Bxd6 cxd6 5. e3 Nf6 6. c3 Nc6 7. Nbd2 O-O 8.
Be2 e5 9. dxe5 dxe5 10. O-O Qb6 11. Qb3 Qc7 12. Rfc1 e4 13. Nd4 Bg4 14. Bf1
Nxd4 15. cxd4 Qd7 16. Bb5 Qd6 17. Bf1 Bd7 18. g3 b6 19. Rc3 a5 20. a4 h6 21.
Rac1 Rfc8 22. Bg2 Rxc3 23. bxc3 Qc6 24. Bf1 Qxa4 25. Qb2 Qc6 26. c4 dxc4 27.
Bxc4 Qd6 28. Rb1 Rb8 29. Bb5 Bxb5 30. Qxb5 Qd7 31. Qxd7 Nxd7 32. Nxe4 b5 33.
Nc3 b4 34. Na4 Nb6 35. Nc5 Nc4 36. d5 Rb5 37. Nb3 Rxd5 38. Nxa5 Nxa5 39. Rxb4
0-1

[Event "XXIII Festival A"]
[Site "Porto San Giorgio ITA"]
[Date "2011.08.23"]
[Round "4"]
[White "Somma, Andrea"]
[Black "Conti, Ferdinando"]
[Result "1-0"]
[WhiteElo "1851"]
[BlackElo "1800"]
[PlyCount "59"]
[EventDate "2011.08.21"]

1. e4 c5 2. Nf3 Nc6 3. d4 cxd4 4. Nxd4 e5 5. Nb5 d6 6. c4 a6 7. N5a3 Be7 8. Nc3
Be6 9. Nc2 Nf6 10. Ne3 O-O 11. Be2 Nd4 12. O-O Rc8 13. Ned5 Kh8 14. Be3 Bxd5
15. cxd5 Nxe2+ 16. Qxe2 Qd7 17. h3 b5 18. a3 Rc4 19. Bg5 h6 20. Bxf6 Bxf6 21.
a4 Rfc8 22. axb5 axb5 23. Ra5 b4 24. Na4 Qc7 25. Ra6 Rc2 26. Qe3 Bg5 27. Qa7
Qc4 28. Nb6 Qe2 29. Nxc8 Bh4 30. Raa1 1-0

[Event "XXIII Festival A"]
[Site "Porto San Giorgio ITA"]
[Date "2011.08.23"]
[Round "4"]
[White "Sorbera, Giovanni"]
[Black "Cafaro, Luca"]
[Result "1-0"]
[WhiteElo "2197"]
[BlackElo "1774"]
[PlyCount "92"]
[EventDate "2011.08.21"]

1. e4 e5 2. Nf3 Nc6 3. Bb5 a6 4. Ba4 Nf6 5. O-O Nxe4 6. Re1 Nc5 7. Bxc6 dxc6 8.
Nxe5 Be6 9. Qf3 Be7 10. d4 Qxd4 11. Nxc6 Qf6 12. Ne5 Qxf3 13. Nxf3 O-O-O 14.
Be3 Bd5 15. Nd4 Ne6 16. Nxe6 Bxe6 17. Nd2 Bf6 18. c3 Rhe8 19. Ne4 Be5 20. f4
Bd6 21. Nxd6+ Rxd6 22. Bd4 g6 23. b4 b6 24. a4 Red8 25. a5 b5 26. Kf2 Kb7 27.
Rad1 R8d7 28. h3 Rd8 29. g4 R8d7 30. Kg3 Rd5 31. Rc1 Kc8 32. Re3 R5d6 33. Rce1
c6 34. Re5 Rd5 35. Kh4 h6 36. Kg3 Rxe5 37. Rxe5 Rd5 38. Re3 Kd7 39. Bg7 h5 40.
Kh4 hxg4 41. hxg4 Rd1 42. Kg5 Rd5+ 43. Be5 Ke7 44. Kh4 Rd1 45. Bd4 Rh1+ 46. Kg5
Rg1 1-0

[Event "XXIII Festival A"]
[Site "Porto San Giorgio ITA"]
[Date "2011.08.23"]
[Round "4"]
[White "Splendiani, Francesco"]
[Black "Miandro, Steven"]
[Result "0-1"]
[WhiteElo "2000"]
[BlackElo "1834"]
[PlyCount "90"]
[EventDate "2011.08.21"]

1. e4 c5 2. Nf3 d6 3. Bc4 Nf6 4. e5 dxe5 5. Nxe5 e6 6. O-O Be7 7. c3 O-O 8. d4
cxd4 9. cxd4 a6 10. a4 b6 11. Nc3 Bb7 12. Be3 Nc6 13. Re1 Rc8 14. Nxc6 Rxc6 15.
Qe2 Qa8 16. d5 exd5 17. Nxd5 Nxd5 18. Bxd5 Rg6 19. Bxb7 Qxb7 20. f3 Re6 21. Kf1
Re8 22. Qf2 Qc7 23. g3 Qc4+ 24. Kg2 Bb4 25. Rac1 Bxe1 26. Rxc4 Bxf2 27. Bxf2 h6
28. Bd4 Re2+ 29. Kh3 b5 30. Rc6 R2e6 31. Rc5 b4 32. a5 Rd8 33. Rc4 Rd5 34. Bb6
Rb5 35. Rc8+ Kh7 36. Rc7 f6 37. Bc5 Rxa5 38. Bf8 Rh5+ 39. Kg4 Rg5+ 40. Kf4 Rb6
41. h4 Rg6 42. g4 Rb8 43. Be7 a5 44. h5 Rg5 45. Bxf6 Rf8 0-1

[Event "XXIII Festival A"]
[Site "Porto San Giorgio ITA"]
[Date "2011.08.23"]
[Round "4"]
[White "Tazzioli, Luca"]
[Black "Scipioni, Gaetano"]
[Result "0-1"]
[WhiteElo "1838"]
[BlackElo "2063"]
[PlyCount "72"]
[EventDate "2011.08.21"]

1. e4 d5 2. exd5 Qxd5 3. Nc3 Qa5 4. d4 Nf6 5. Nf3 c6 6. Bc4 Bf5 7. Bd2 e6 8.
Nd5 Qd8 9. Nxf6+ gxf6 10. Qe2 Qd6 11. O-O-O Nd7 12. Bc3 O-O-O 13. Kb1 Nb6 14.
d5 exd5 15. Bb3 Bh6 16. Rhe1 Nd7 17. h3 Rhg8 18. g4 Be6 19. Qd3 Bf4 20. Qd4 Kb8
21. Qa4 Nc5 22. Qd4 Nd7 23. Qa4 Nc5 24. Qd4 Nd7 25. Qa4 h5 26. gxh5 Bxh3 27.
Ng1 Be6 28. Ne2 Be5 29. f4 Bxc3 30. Nxc3 Bg4 31. Ne4 Qxf4 32. Rd4 dxe4 33.
Rdxe4 Qf2 34. Bxf7 Nc5 35. Qc4 Nxe4 36. Bxg8 Nd2+ 0-1

[Event "XXIII Festival A"]
[Site "Porto San Giorgio ITA"]
[Date "2011.08.23"]
[Round "4"]
[White "Teutsch, Alexander"]
[Black "Cornaggia, Ranieri"]
[Result "1-0"]
[WhiteElo "1896"]
[BlackElo "2079"]
[PlyCount "41"]
[EventDate "2011.08.21"]

1. d4 Nf6 2. c4 c5 3. d5 e6 4. Nc3 exd5 5. cxd5 d6 6. e4 g6 7. f4 Bg7 8. Bb5+
Bd7 9. e5 dxe5 10. fxe5 Nh5 11. Nf3 O-O 12. O-O Bg4 13. Be3 Bxe5 14. h3 Bxf3
15. Qxf3 Qd6 16. Ne4 Qxd5 17. g4 f5 18. gxh5 Qxe4 19. Qxe4 fxe4 20. Bc4+ Kg7
21. h6+ 1-0

[Event "XXIII Festival A"]
[Site "Porto San Giorgio ITA"]
[Date "2011.08.23"]
[Round "4"]
[White "Trent, Alan M."]
[Black "Marcugini, Stefano"]
[Result "1/2-1/2"]
[WhiteElo "1800"]
[BlackElo "1824"]
[PlyCount "61"]
[EventDate "2011.08.21"]

1. e4 e6 2. d4 d5 3. exd5 exd5 4. c4 Nf6 5. cxd5 Nxd5 6. Nf3 Bb4+ 7. Bd2 Bxd2+
8. Qxd2 O-O 9. Be2 Nd7 10. Nc3 N7f6 11. h3 Bf5 12. O-O c6 13. Ne5 Qb6 14. g4
Bg6 15. g5 Nxc3 16. bxc3 Ne4 17. Qc1 Qc7 18. Nxg6 fxg6 19. Bd3 Ng3 20. Re1 Nf5
21. Re4 Rae8 22. Qf4 Qxf4 23. Rxf4 Nd6 24. Rxf8+ Kxf8 25. Rb1 Re6 26. c4 Re7
27. Rb2 Nf5 28. d5 Re1+ 29. Kg2 cxd5 30. Rxb7 dxc4 31. Bxc4 1/2-1/2

[Event "XXIII Festival A"]
[Site "Porto San Giorgio ITA"]
[Date "2011.08.23"]
[Round "4"]
[White "Tribuiani, Renato"]
[Black "Giobbi, Costantino"]
[Result "1-0"]
[WhiteElo "2029"]
[BlackElo "1878"]
[PlyCount "59"]
[EventDate "2011.08.21"]

1. d4 d5 2. e4 e6 3. e5 c5 4. Nf3 Nc6 5. Bd3 Qb6 6. O-O Be7 7. c3 Bd7 8. dxc5
Bxc5 9. Nbd2 Be7 10. Nb3 f6 11. Re1 f5 12. Be3 Qc7 13. Bd4 Nh6 14. Qd2 Nf7 15.
Bxf5 exf5 16. e6 Bxe6 17. Rxe6 O-O-O 18. Rae1 Rhg8 19. Bxa7 Nd6 20. Nfd4 Bf6
21. Rxf6 gxf6 22. Ne6 Qf7 23. Nxd8 Qg6 24. g3 Rxd8 25. Bd4 Ne4 26. Qf4 Ng5 27.
Kg2 h5 28. Bb6 Rd7 29. Nc5 Rh7 30. Qxf5+ 1-0

[Event "XXIII Festival A"]
[Site "Porto San Giorgio ITA"]
[Date "2011.08.23"]
[Round "4"]
[White "Vesce, Emanuele"]
[Black "Chiarion, Elisa"]
[Result "0-1"]
[WhiteElo "1865"]
[BlackElo "1964"]
[PlyCount "126"]
[EventDate "2011.08.21"]

1. e4 c5 2. Nf3 a6 3. c3 e6 4. d4 d5 5. exd5 exd5 6. Be2 Nf6 7. O-O Be7 8. Nbd2
Nc6 9. dxc5 Bxc5 10. Nb3 Be7 11. Qc2 O-O 12. Nfd4 Re8 13. Re1 Qc7 14. h3 h6 15.
Bd3 Ne5 16. Bf5 Bf8 17. Bd2 Bxf5 18. Qxf5 Ne4 19. Nf3 Nd3 20. Rf1 Rad8 21. Be3
g6 22. Qg4 h5 23. Qh4 Be7 24. Bg5 Nxg5 25. Nxg5 Qe5 26. f4 Nxf4 27. Qxf4 Qxf4
28. Rxf4 Bxg5 29. Rb4 b5 30. a4 Be7 31. Rf4 Bd6 32. Rf3 Re2 33. axb5 Rxb2 34.
Nd4 axb5 35. Raf1 Rd7 36. Kh1 Be5 37. Nc6 Bg7 38. Re1 Bf8 39. Ref1 Bd6 40. Rf6
Rc2 41. R6f3 Rb2 42. Rf6 Rc2 43. R6f3 b4 44. Nxb4 Bxb4 45. cxb4 Rb2 46. Rf4 d4
47. Rd1 Rxb4 48. Kg1 Rd5 49. h4 f5 50. Rd3 Kf7 51. Kf2 Ke6 52. Ke2 Rb2+ 53. Kf3
Ke5 54. g3 Rc2 55. Rd1 Rc3+ 56. Kf2 Re3 57. Rdxd4 Re2+ 58. Kxe2 Rxd4 59. Ke3
Re4+ 60. Kf3 Kd4 61. Kf2 Rxf4+ 62. gxf4 Ke4 63. Kg3 Ke3 0-1

[Event "XXIII Festival A"]
[Site "Porto San Giorgio ITA"]
[Date "2011.08.23"]
[Round "4"]
[White "Viaggi, Stefano"]
[Black "Franzini, Stefano"]
[Result "1-0"]
[WhiteElo "2010"]
[BlackElo "1848"]
[PlyCount "47"]
[EventDate "2011.08.21"]

1. d4 d5 2. Bf4 Nf6 3. e3 c6 4. c4 Bf5 5. Nc3 e6 6. Qb3 Qb6 7. c5 Qxb3 8. axb3
Nbd7 9. b4 b5 10. Ra6 Nh5 11. Bc7 Be7 12. h3 Nhf6 13. Rxc6 a6 14. Nf3 Rc8 15.
Rxa6 Rxc7 16. Ra8+ Bd8 17. Bxb5 O-O 18. O-O Be4 19. Rfa1 e5 20. Nxe5 Nxe5 21.
dxe5 d4 22. Nxe4 Nxe4 23. exd4 Nd2 24. Rb8 1-0

[Event "XXIII Festival A"]
[Site "Porto San Giorgio ITA"]
[Date "2011.08.23"]
[Round "4"]
[White "Villani, Cristian"]
[Black "Salami, Marco"]
[Result "1-0"]
[WhiteElo "2056"]
[BlackElo "2166"]
[PlyCount "69"]
[EventDate "2011.08.21"]

1. Nf3 f5 2. c4 Nf6 3. Nc3 d6 4. d4 g6 5. b4 Bg7 6. Bb2 O-O 7. g3 Nc6 8. b5 Na5
9. Qa4 c6 10. Bg2 Bd7 11. Nd2 a6 12. Qb4 axb5 13. cxb5 cxb5 14. Nxb5 Qb6 15. a4
Kh8 16. d5 Ng4 17. O-O Rfc8 18. h3 Ne5 19. Bd4 Qd8 20. Rac1 Nf7 21. Na7 Rxc1
22. Rxc1 Bxd4 23. Qxd4+ Kg8 24. g4 fxg4 25. hxg4 Ne5 26. g5 Bxa4 27. Qxa4 Rxa7
28. Bh3 Ra8 29. Be6+ Nf7 30. Rc3 Qb6 31. Rf3 Rf8 32. Rxf7 Rxf7 33. Qf4 Qd8 34.
Qxf7+ Kh8 35. Qf3 1-0

[Event "XXIII Festival A"]
[Site "Porto San Giorgio ITA"]
[Date "2011.08.23"]
[Round "4"]
[White "Vincenzi, Marco"]
[Black "Tortolini, Francesco"]
[Result "1-0"]
[WhiteElo "2108"]
[BlackElo "1918"]
[PlyCount "51"]
[EventDate "2011.08.21"]

1. e4 d5 2. exd5 Qxd5 3. Nc3 Qa5 4. d4 Nf6 5. Nf3 Bf5 6. Bc4 c6 7. Bd2 e6 8.
Ne4 Qc7 9. Nxf6+ gxf6 10. Qe2 Nd7 11. O-O-O O-O-O 12. Nh4 Bg6 13. f4 Nb6 14.
Bb3 Rxd4 15. g3 Nd5 16. Nxg6 hxg6 17. c3 Rxd2 18. Rxd2 Bc5 19. Bxd5 cxd5 20.
Kb1 Qb6 21. h4 Be3 22. Rd3 d4 23. cxd4 Bxd4 24. Rb3 Qd6 25. Rd1 Kb8 26. Qe4 1-0

[Event "XXIII Festival A"]
[Site "Porto San Giorgio ITA"]
[Date "2011.08.23"]
[Round "4"]
[White "Vuelban, Virgilio"]
[Black "Stella, Luca"]
[Result "1/2-1/2"]
[WhiteElo "2357"]
[BlackElo "2090"]
[PlyCount "53"]
[EventDate "2011.08.21"]

1. e4 g6 2. d4 Bg7 3. Nc3 c5 4. Nf3 cxd4 5. Nxd4 Nc6 6. Be3 Nf6 7. Bc4 O-O 8.
Bb3 d6 9. h3 Bd7 10. O-O Rc8 11. Nxc6 Bxc6 12. f3 Qa5 13. Qd2 b6 14. Rad1 Rfd8
15. Bd4 Qa6 16. Qf2 Qb7 17. Rfe1 e5 18. Be3 d5 19. exd5 Nxd5 20. Bg5 Rd7 21.
Ne4 h6 22. Bxd5 hxg5 23. Bxc6 Qxc6 24. Rxd7 Qxd7 25. Nxg5 Qd4 26. c3 Qxf2+ 27.
Kxf2 1/2-1/2

[Event "XXIII Festival A"]
[Site "Porto San Giorgio ITA"]
[Date "2011.08.23"]
[Round "4"]
[White "White, Kevin D."]
[Black "Piccinini, Samuele"]
[Result "1-0"]
[WhiteElo "2104"]
[BlackElo "1903"]
[PlyCount "57"]
[EventDate "2011.08.21"]

1. c4 e6 2. g3 d5 3. Bg2 Nf6 4. Nf3 c6 5. b3 Nbd7 6. O-O e5 7. cxd5 cxd5 8. d4
e4 9. Ne5 Be7 10. Nc3 Nf8 11. f3 exf3 12. exf3 Be6 13. f4 g6 14. Be3 N8d7 15.
Rc1 Ba3 16. Rc2 Bf5 17. Re2 Nb6 18. Bf2 O-O 19. h3 Bb4 20. Re3 Bxc3 21. Rxc3
Be4 22. f5 Bxf5 23. g4 Ne4 24. gxf5 Nxc3 25. Qg4 g5 26. Be1 f6 27. Bxc3 fxe5
28. dxe5 h6 29. e6 1-0

[Event "XXIII Festival A"]
[Site "Porto San Giorgio ITA"]
[Date "2011.08.23"]
[Round "4"]
[White "Zamengo, Bruno"]
[Black "Piva, Giorgio"]
[Result "0-1"]
[WhiteElo "1936"]
[BlackElo "2204"]
[PlyCount "51"]
[EventDate "2011.08.21"]

1. e4 c5 2. Nf3 g6 3. c3 Bg7 4. d4 cxd4 5. cxd4 d5 6. exd5 Nf6 7. Nc3 Nxd5 8.
Bb5+ Bd7 9. Qb3 Nxc3 10. bxc3 O-O 11. Ba3 Nc6 12. O-O Rc8 13. Rfe1 Bf6 14. Bxc6
Bxc6 15. Ne5 Bd5 16. Qb2 Re8 17. Rac1 Bg5 18. Rc2 Qc7 19. f3 b6 20. f4 Bf6 21.
Qc1 Ba8 22. c4 Qb7 23. d5 e6 24. d6 Bxe5 25. Rxe5 Rxc4 26. Ree2 0-1

[Event "XXIII Festival A"]
[Site "Porto San Giorgio ITA"]
[Date "2011.08.23"]
[Round "4"]
[White "Zamengo, Fulvio"]
[Black "Voltolini, Giuseppe"]
[Result "1/2-1/2"]
[WhiteElo "2007"]
[BlackElo "2229"]
[PlyCount "69"]
[EventDate "2011.08.21"]

1. e4 c5 2. Nf3 d6 3. d4 cxd4 4. Nxd4 Nf6 5. Nc3 g6 6. Be3 Bg7 7. f3 Nc6 8. Qd2
O-O 9. O-O-O Nxd4 10. Bxd4 Be6 11. g4 Qa5 12. Kb1 Rfc8 13. h4 Rab8 14. h5 b5
15. hxg6 fxg6 16. g5 Nh5 17. Bxg7 Nxg7 18. Bh3 Bxh3 19. Rxh3 Qd8 20. Qd5+ e6
21. Qxd6 Qxg5 22. Qh2 b4 23. Ne2 h5 24. Rg1 Qd2 25. Nf4 Rxc2 26. Qxd2 Rxd2 27.
Nxg6 b3 28. a3 Rbd8 29. Rhh1 Rf2 30. Rf1 Rdd2 31. Rxf2 Rxf2 32. Ne5 h4 33. Kc1
Rc2+ 34. Kb1 Rf2 35. Kc1 1/2-1/2

[Event "XXIII Festival A"]
[Site "Porto San Giorgio ITA"]
[Date "2011.08.23"]
[Round "4"]
[White "Zinnai, Graziano Matteo"]
[Black "Bighiu, Gheorghe"]
[Result "1-0"]
[WhiteElo "1882"]
[BlackElo "2062"]
[PlyCount "69"]
[EventDate "2011.08.21"]

1. e4 e5 2. Nf3 Nf6 3. d3 d5 4. Nbd2 Bd6 5. c3 O-O 6. b4 c6 7. Bb2 a5 8. a3 Bg4
9. Qc2 Nbd7 10. Be2 b5 11. O-O Nb6 12. c4 Na4 13. exd5 axb4 14. axb4 cxd5 15.
c5 Nxb2 16. Qxb2 Rxa1 17. Rxa1 e4 18. dxe4 dxe4 19. Nxe4 Nxe4 20. cxd6 Nxd6 21.
Nd4 Nc4 22. Bxc4 bxc4 23. b5 Re8 24. b6 c3 25. Qb4 Bc8 26. Nc6 Qd2 27. h3 Re1+
28. Rxe1 Qxe1+ 29. Kh2 Bb7 30. Na5 Qxf2 31. Nxb7 c2 32. Qc4 g5 33. Nc5 h5 34.
b7 Qe2 35. b8=Q+ 1-0